Hướng dẫn giải bài tập giải tích toán học; T1

Gorde:
Xehetasun bibliografikoak
Egile nagusia: Nguyễn Thủy Thanh
Formatua: Liburua
Hizkuntza:Undetermined
Argitaratua: Hà Nội Đại Học Quốc Gia 1999
Gaiak:
Etiketak: Etiketa erantsi
Etiketarik gabe, Izan zaitez lehena erregistro honi etiketa jartzen!
Thư viện lưu trữ: Trung tâm Học liệu Trường Đại học Cần Thơ
LEADER 00712nam a2200217Ia 4500
001 CTU_36986
008 210402s9999 xx 000 0 und d
020 |b 23.000đ 
082 |a 515.076 
082 |b Th107/T1 
100 |a Nguyễn Thủy Thanh 
245 0 |a Hướng dẫn giải bài tập giải tích toán học; T1 
245 0 |c Nguyễn Thủy Thanh, Đỗ Đức Giáo 
260 |a Hà Nội 
260 |b Đại Học Quốc Gia 
260 |c 1999 
526 |a Giải tích hàm một biến 
526 |b SP111 
650 |a mathematical analysis - problems, exercises, etc 
904 |i Minh, 010615 
980 |a Trung tâm Học liệu Trường Đại học Cần Thơ